Limit State Design of Steel Structures. (Record no. 33461)

MARC details
000 -LEADER
fixed length control field 00878nam a22003017a 4500
003 - CONTROL NUMBER IDENTIFIER
control field OSt
005 - DATE AND TIME OF LATEST TRANSACTION
control field 20260521110752.0
008 - FIXED-LENGTH DATA ELEMENTS--GENERAL INFORMATION
fixed length control field 260521b |||||||| |||| 00| 0 eng d
020 ## - INTERNATIONAL STANDARD BOOK NUMBER
International Standard Book Number 9789353164874
040 ## - CATALOGING SOURCE
Transcribing agency IN-NITTTR
082 ## - DEWEY DECIMAL CLASSIFICATION NUMBER
Classification number 624.1821
Item number DUG/LIM
100 ## - MAIN ENTRY--PERSONAL NAME
Personal name Duggal, S. K.
245 ## - TITLE STATEMENT
Title Limit State Design of Steel Structures.
Statement of responsibility, etc. by S. K. Duggal
250 ## - EDITION STATEMENT
Edition statement Third
260 ## - PUBLICATION, DISTRIBUTION, ETC.
Place of publication, distribution, etc. Chennai.
Name of publisher, distributor, etc. McGraw Hill Education(India) Pvt. Ltd.
Date of publication, distribution, etc. 2024
300 ## - PHYSICAL DESCRIPTION
Extent xxiv, 995 p.
650 ## - SUBJECT ADDED ENTRY--TOPICAL TERM
Topical term or geographic name entry element Steel Structures
650 ## - SUBJECT ADDED ENTRY--TOPICAL TERM
Topical term or geographic name entry element Limit State Design
650 ## - SUBJECT ADDED ENTRY--TOPICAL TERM
Topical term or geographic name entry element Structural Engineering
650 ## - SUBJECT ADDED ENTRY--TOPICAL TERM
Topical term or geographic name entry element Steel Design
650 ## - SUBJECT ADDED ENTRY--TOPICAL TERM
Topical term or geographic name entry element Design of Steel Structures
650 ## - SUBJECT ADDED ENTRY--TOPICAL TERM
Topical term or geographic name entry element Load and Resistance Factor Design
650 ## - SUBJECT ADDED ENTRY--TOPICAL TERM
Topical term or geographic name entry element Structural Analysis
650 ## - SUBJECT ADDED ENTRY--TOPICAL TERM
Topical term or geographic name entry element Civil Engineering
650 ## - SUBJECT ADDED ENTRY--TOPICAL TERM
Topical term or geographic name entry element Building Construction
650 ## - SUBJECT ADDED ENTRY--TOPICAL TERM
Topical term or geographic name entry element Structural Stability
942 ## - ADDED ENTRY ELEMENTS (KOHA)
Source of classification or shelving scheme Dewey Decimal Classification
Koha item type Books
Suppress in OPAC No
Holdings
Withdrawn status Lost status Source of classification or shelving scheme Damaged status Not for loan Collection Home library Current library Date acquired Total checkouts Full call number Barcode Date last seen Price effective from Koha item type
    Dewey Decimal Classification     Non-fiction National Institute of Technical Teachers Training & Research National Institute of Technical Teachers Training & Research 05/21/2026   624.1821 DUG/LIM 50338 05/21/2026 05/21/2026 Books